Sham Pai Bin Sham / (Record no. 525018)
[ view plain ]
| 000 -LEADER | |
|---|---|
| fixed length control field | 00525nam a22001817a 4500 |
| 003 - CONTROL NUMBER IDENTIFIER | |
| control field | NUST |
| 038 ## - RECORD CONTENT LICENSOR | |
| Staff Name | Faiza |
| 082 ## - DEWEY DECIMAL CLASSIFICATION NUMBER | |
| Classification number | 891.421 |
| Author Mark | KAM |
| 100 ## - MAIN ENTRY--PERSONAL NAME | |
| Personal name | Kamal, Tabish |
| 9 (RLIN) | 15250 |
| 245 ## - TITLE STATEMENT | |
| Title | Sham Pai Bin Sham / |
| Statement of responsibility, etc. | Tabish Kamal |
| 260 ## - PUBLICATION, DISTRIBUTION, ETC. | |
| Place of publication, distribution, etc. | Rawalpindi : |
| Name of publisher, distributor, etc. | Kamal Publishers, |
| Date of publication, distribution, etc. | 2002. |
| 300 ## - PHYSICAL DESCRIPTION | |
| Extent | 128 p. ; |
| 500 ## - GENERAL NOTE | |
| General note | Hardcover. |
| 880 ## - ALTERNATE GRAPHIC REPRESENTATION | |
| Linkage | 100-01\r |
| Title | تابش کمال |
| 880 ## - ALTERNATE GRAPHIC REPRESENTATION | |
| Linkage | 245-02\r |
| Title | شام پئی بِن شام / |
| 880 ## - ALTERNATE GRAPHIC REPRESENTATION | |
| Linkage | 260-03\r |
| Title | راولپنڈی : |
| b | کمال پبلیشرز, |
| c | ۲۰۰۲. |
| 942 ## - ADDED ENTRY ELEMENTS (KOHA) | |
| Source of classification or shelving scheme | |
| Koha item type | Book |
| Withdrawn status | Lost status | Source of classification or shelving scheme | Damaged status | Not for loan | Permanent Location | Current Location | Date acquired | Total Checkouts | Full call number | Barcode | Date last seen | Price effective from | Koha item type |
|---|---|---|---|---|---|---|---|---|---|---|---|---|---|
| Central Library (CL) | Central Library (CL) | 06/28/2019 | 891.421 KAM | CL-E-1120 | 06/28/2019 | 06/28/2019 | Book | ||||||
| Central Library (CL) | Central Library (CL) | 08/27/2019 | 891.421 KAM | CL-D-492 | 08/27/2019 | 08/27/2019 | Book | ||||||
| Central Library (CL) | Central Library (CL) | 08/27/2019 | 891.421 KAM | CL-D-493 | 08/27/2019 | 08/27/2019 | Book | ||||||
| Central Library (CL) | Central Library (CL) | 08/27/2019 | 891.421 KAM | CL-D-494 | 08/27/2019 | 08/27/2019 | Book |
